000 00570nam a2200181 i 4500
001 63246
003 ES-MaACL
005 20230906164820.0
007 t|
008 031204s1912 sp ||||1| spa d
080 _a616.43
100 1 _aFernández Sanz, Enrique.
_950080
245 1 0 _aEnfermedades de las glándulas de secreción interna /
_clecciones explicadas por E. Fernández Santos.
260 _aMadrid :
_b[s.n.],
_c1912 (
_fLuis Faure)
300 _a306 p. ;
_c23 cm.
650 4 _aGlándulas endocrinas-
_xEnfermedades.
_9162695
852 4 _aES-MaACL
_jB-11211
999 _c63246
_d63246